| 000 | 01084cam a22003251 4500 | ||
|---|---|---|---|
| 001 | 34648 | ||
| 003 | BD-RjUL | ||
| 005 | 20211209052206.0 | ||
| 008 | 140518s19661931nyu b 001 0 eng d | ||
| 035 | _a(BD-RjUL) 34742 | ||
| 035 | _a(OCoLC)802150 | ||
| 040 |
_aDLC _cOYU _dOCoLC _dNcRS _dBD-RjUL _beng |
||
| 041 | _aeng | ||
| 082 |
_a304.6 _bBOT 1966 |
||
| 100 | 1 |
_aBonar, James _d1852-1941. _9103079 |
|
| 245 | 1 | 0 |
_aTheories of population from Raleigh to Arthur Young / _cBonar, James |
| 250 | _a1st ed. | ||
| 260 |
_aNew York : _bFrank Cass& Co.,Ltd., _c1931 [Impression 1966]. |
||
| 300 |
_a[10] 253 p. ; _c23 cm. |
||
| 490 | 1 | _aReprints of economic classics | |
| 500 | _a"Lectures delivered ... under the Newmarch Foundation, February 11 to March 18, 1929, with additional lectures." | ||
| 504 | _aIncludes bibliographies and index. | ||
| 650 | 0 |
_aPopulation. _9105401 |
|
| 650 | 0 |
_aDemography. _9105402 |
|
| 650 | 0 |
_aEconomists _zGreat Britain. _96592 |
|
| 830 | 0 |
_aNewmarch lectures. _9105822 |
|
| 942 |
_2ddc _cBK |
||
| 999 |
_c34648 _d34648 |
||